000
00316nam a2200109Ia 4500
008
200302s9999 xx 000 0 und d
100
_a
Mark Anderson & Other
245
_a
Prefab Prototypes Site Specific Design for Offsite Construction
260
_b
Princeton Architectural Press
260
_c
2007
300
_a
263 P.,
999
_c
2975
_d
2975